00440 2200157 4500001002100000005001500021035002000036008004100056082001700097084002500114100001800139245004500157260003000202300002500232650002500257INLIS00000000001140220260416090238 a0010-1024000006260416 0  a959.85984762 aR 959.85984762 AND b0 aAndi Muh. Ali1 aBone : Selayang Pandang /cAndi Muh. Ali aWatampone :bDamai,c1986 av + 96 hlm. ;c33 cm 4aKoleksi Muatan Lokal